000
00262nam a22001217a 4500
020
_a
0-600-33606-9
082
_a
745.92 STE'P
100
_a
STEVENSON, VIOLAT
_9
75839
245
_a
FLOWERCRAFT
260
_a
LONDON
_b
HAMLYN
_c
1977
300
_a
188P
942
_c
BK
999
_c
581251
_d
581251